Marco procesal del principio precautorio (Registro nro. 24183)

Detalles MARC
000 -LEADER
fixed length control field 00315 a2200109 4500
001 - CONTROL NUMBER
control field ART_40490
005 - DATE AND TIME OF LATEST TRANSACTION
control field 20260410161842.0
008 - FIXED-LENGTH DATA ELEMENTS--GENERAL INFORMATION
fixed length control field 260409a
100 1# - MAIN ENTRY--PERSONAL NAME
Personal name Savignano, Luciano C.
245 10 - TITLE STATEMENT
Title Marco procesal del principio precautorio
773 0# - HOST ITEM ENTRY
Title RAP
Related parts - Año 38, Nº 456 (sep. 2016)
Record control number REV5941

No hay ítems disponibles.